| 000 | 00343nam a2200133Ia 4500 | ||
|---|---|---|---|
| 005 | 20260328104327.0 | ||
| 008 | 260328s9999||||xx |||||||||||||| ||und|| | ||
| 100 | _aKinugasa-Tsui, Kenny | ||
| 245 | 0 |
_aCo-Working : _b Space Designs / _cKenny Kinugasa-Tsui |
|
| 260 | _bImages | ||
| 300 | _a271 p. | ||
| 650 | _aARQUITECTURA CIVIL | ||
| 942 | _cBK | ||
| 999 |
_c11583 _d11583 |
||